| 000 | 00583nam a22001697a 4500 | ||
|---|---|---|---|
| 005 | 20251108165438.0 | ||
| 008 | 250721s9999 xx 000 0 ara d | ||
| 082 | 1 | 4 | _aم/215/شهر |
| 100 | 1 |
_aالشهرستاني، أبو الفتح محمد _eمؤلف |
|
| 245 | 1 | 0 | _aكتاب الملل و النحل / |
| 264 | 1 |
_aالقاهرة : _bمكتبة اللإنجلو المصريه، |
|
| 300 | _a2ج في مج | ||
| 490 | 0 | _aسلسلة في الدراسات الفلسفيه الإخلاقيه | |
| 650 | 1 | 7 | _aالفرق الإسلامية |
| 942 |
_2ddc _cREF |
||
| 999 |
_c28124 _d28124 |
||